| 000 | 00907nam a22001815i 4500 | ||
|---|---|---|---|
| 001 | 160314 | ||
| 003 | ES-MaACL | ||
| 005 | 20230906212009.0 | ||
| 008 | 020308s1866 sp |||| | spa d | ||
| 040 |
_aCAM _bspa _cCAM |
||
| 100 | 1 |
_aMozo de Rosales, Emilio. _9130267 |
|
| 245 | 1 | 3 |
_aEl soplo del diablo _b: comedia en tres actos y en prosa / _coriginal de Emilio Mozo de Rosales. |
| 260 |
_aMadrid : _b[s.n.], _c1866 ( _fImprenta de José Rodríguez) |
||
| 300 |
_a68 p. ; _c19 cm. |
||
| 500 | _aEn port.: Estrenada en el teatro del Circo el dia 5 de mayo de 1866. | ||
| 596 | 1 | _aAl v. de port. consta : "... Galería dramática y lírica titulada El Teatro..." | |
| 852 |
_aES-MaACL _jF-8566(5) _z-- Enc. pasta española _z-- Dedicatoria ms.: ded. del autor al Sr. Olona _q-- Falto de la cub. original _z.- Enc. en un vol. facticio formando parte de la col. facticia "Teatro español moderno", vol. 19 |
||
| 999 |
_c160314 _d160314 |
||